[Event "Hoogovens-B"]
[Site "Wijk aan Zee"]
[Date "1997.02.02"]
[Round "11"]
[White "Peng, Zhaoqin"]
[Black "Riemersma, Liafbern"]
[Result "1/2-1/2"]
[WhiteElo "2370"]
[BlackElo "2435"]
[Annotator "Ribli,Z"]
[PlyCount "84"]
[EventDate "1997.01.21"]
[EventType "tourn"]
[EventRounds "11"]
[EventCountry "NED"]
[EventCategory "10"]
[SourceTitle "CBM 057"]
[Source "ChessBase"]
[SourceDate "1997.04.01"]
[SourceVersion "1"]
[SourceVersionDate "1997.04.01"]
[SourceQuality "1"]

1. Nf3 {Yudasin,L} c5 2. c4 Nc6 3. d4 cxd4 4. Nxd4 Nf6 5. Nc3 e6 6. g3 Qb6 {
Heutzutage empfiehlt die Theorie diesen Zug. Früher wurden 6...Bb4 und 6...Bc5
oft gespielt. Ribli.} 7. Ndb5 (7. Nb3 {Yudasin,L}) 7... d5 {Das ist eine
seltene Fortsetzung. Üblich ist 7...Ne5. In dieser Variante sehen wir einen
taktischen Kampf, und es gibt viele Fallen und Verwicklungen. Ribli.} 8. Bg2 (
8. cxd5 {Yudasin,L} Nxd5 9. Bg2 $14) (8. Be3 {Yudasin,L} Qa5 {with a6}) (8. Bf4
{Yudasin,L} e5 9. cxd5 exf4 10. dxc6 Qxc6) 8... d4 9. Na4 Qa5+ 10. Bd2 Bb4 11.
b3 (11. Bxb4 Qxb4+ 12. Qd2 Qxa4 $2 (12... Qxd2+ 13. Kxd2 $14 {Der weiße Bg2
ist besonders stark, und die weiße Kavallerie kontrolliert die wichtige Punkte
am Damenflügel.Ribli.}) 13. b3 Qb4 14. Bxc6+ $18) (11. Nc5 $5 O-O 12. Nd3 Bxd2+
13. Qxd2 Qxd2+ 14. Kxd2 Rd8 15. c5 $14 {Kasparov,G-Vaganian,R/Skelleftea/1989/}
) (11. Nd6+ {Yudasin,L} Ke7 $15) 11... e5 12. a3 (12. Bxb4 Qxb4+ 13. Qd2 Qxd2+
14. Kxd2 Ke7 $11) (12. Bxc6+ {Yudasin,L} bxc6 13. Nc7+ Qxc7 14. Bxb4 Nd7 {
with c5and Bb7}) 12... Bxd2+ 13. Qxd2 O-O (13... Ke7 $5) (13... Qxd2+ {Yudasin,
L} 14. Kxd2 O-O 15. b4 {[%cal Gb5d6,Gb5c7]}) 14. Bxc6 (14. Qxa5 {Yudasin,L}
Nxa5 {Xb3}) 14... Qxd2+ 15. Kxd2 bxc6 16. Nd6 {Weiß hat einen schönen Springer
auf d6, aber sein König ist in der Mitte. Wenn es zum Endspiel kommt, ist das
vorteilhaft für ihn, aber im Mittelspiel ist es nicht so einfach. Nach meiner
Meinung ist die Stellung ungefaehr ausgeglichen.Ribli.} Rd8 (16... Bh3 17. f3 (
17. Nc5 {Yudasin,L}) 17... h5 $5) 17. Nxc8 Ne4+ (17... Raxc8 {Yudasin,L} 18.
Nc5 Nd7 19. Nxd7 Rxd7 $11) 18. Kc2 (18. Kd3 $2 Nxf2+) 18... Raxc8 19. f3 Nf6
20. Nc5 Nd7 21. Nb7 $14 (21. Nxd7 $11) (21. Nxd7 $11 {Yudasin,L}) 21... Rf8 22.
b4 {with the idea c5 and Kd3+/= Es fehlt - wie immer beim Schach - nur ein
Tempo. Wenn Weiß c4-c5 spielen könnte, hätte er klaren Vorteil. Ribli.} (22. c5
Rc7) 22... c5 23. Nd6 $6 (23. b5 $5 {Mit ähnlichen Stellungen wie in der
Partie, aber nach 23.b5 hat Schwarz nicht das Manöver Rc5-Rf6. Ribli.}) (23. b5
{Yudasin,L} Nb6 {or f5 and e4 immediately}) 23... Rc6 24. Nf5 Re8 25. b5 Rf6
26. Nh4 {XNh4} (26. g4 {Yudasin,L} e4) 26... g5 27. Ng2 g4 (27... e4 $5 28.
fxe4 (28. Rhf1 Ne5 $15) (28. f4 $8 {Yudasin,L} gxf4 29. Nxf4 Ne5 30. Kb3 $13)
28... Rf2 $15) (27... Nb6 {Yudasin,L} 28. Kb3 a5 29. a4) 28. Rhf1 gxf3 29. Rxf3
(29. exf3 {Yudasin,L}) 29... Rxf3 (29... e4 {Yudasin,L} 30. Rxf6 Nxf6 31. Nf4
Ng4 32. Nd5) 30. exf3 e4 (30... f5 $1 {Yudasin,L} 31. Nh4 e4 32. Re1 (32. Nxf5
exf3 $17) 32... e3 $1 33. f4 Nb6 34. Kd3 Na4) 31. fxe4 f5 $1 (31... Rxe4 32.
Re1 Rxe1 33. Nxe1) 32. e5 $8 Nxe5 33. Re1 (33. Nf4 Ng4) 33... d3+ (33... Kf7
34. Rf1 (34. Kb3 {Yudasin,L} d3 35. Nf4 Rd8 36. Nd5 d2 37. Rd1 Nf3 38. a4 $13)
34... Nxc4 35. Rxf5+) 34. Kc3 d2 35. Rd1 Nf3 36. a4 Re2 (36... Re1 $2 37. Rxd2)
37. Nh4 Re3+ (37... Re1 $2 38. Kc2) (37... Nxh4 $2 {Yudasin,L} 38. gxh4 Rxh2
39. Rxd2 Rxh4 40. Rd8+ Kg7 41. Rd7+ $18) 38. Kc2 Nd4+ 39. Kxd2 Ra3 $11 40. Rf1
Rxa4 41. Nxf5 Rxc4 42. Kd3 Rb4 {Und wegen des reduzierten Materials wurde in
dieser gleichen Stellung remis gegeben.Ribli.} 1/2-1/2

[Event "Nikolaev zt"]
[Site "Nikolaev"]
[Date "1993.??.??"]
[Round "?"]
[White "Ryskin, Alexander"]
[Black "Savon, Vladimir A"]
[Result "1/2-1/2"]
[WhiteElo "2505"]
[BlackElo "2415"]
[Annotator "Ribli,Z"]
[PlyCount "91"]
[EventDate "1993.03.??"]
[EventType "swiss"]
[EventRounds "11"]
[EventCountry "RUS"]
[SourceTitle "CBM 035"]
[Source "ChessBase"]
[SourceDate "1993.08.01"]
[SourceVersion "1"]
[SourceVersionDate "1993.08.01"]
[SourceQuality "1"]

1. d4 Nf6 2. c4 e6 3. g3 c5 4. Nf3 cxd4 5. Nxd4 Qb6 6. Nc3 Nc6 7. Ndb5 Bc5 $6 (
7... Ne5 $5 8. Bg2 a6 9. Qa4 Neg4 $1 10. O-O Rb8 11. Na3 Bc5 $10 {Hjartarson,
J-Portisch,L/Budapest/1989/INF48,46/}) (7... d5 $6 8. Bg2 $1 $14 {Kasparov,
G-Vaganian,R/Skelleftea WCup/1989/CBM14/INF48,42/}) 8. Nd6+ Ke7 9. Nde4 Nxe4
10. Nxe4 Bb4+ (10... Qb4+ $6 {Schlosser,P-Stern,R/Budapest/1991/CBM27/}) 11.
Bd2 Bxd2+ (11... d5 12. cxd5 exd5 13. Nc3 Be6 14. Bg2 Rhd8 15. O-O Kf8 $2 (
15... Bxc3 $1 {Olafsson,H-De Firmian,N/Reykjavik-op/1990/CBM18/}) 16. Na4 $1
$16 {Christiansen,L-Tolnai,T/WchT Luzern/1989/CBM16/INF48,43/}) 12. Qxd2 Qb4
13. Rd1 Qxd2+ (13... Qxc4 14. Qg5+ Kf8 15. Nd6 $44) 14. Rxd2 b6 15. Bg2 Bb7 16.
Nd6 $14 Rab8 17. O-O Na5 18. e4 (18. Rfd1 Rhd8 19. b4 Bxg2 20. Kxg2 Nb7 $10)
18... Bc6 19. e5 Rhd8 20. Rfd1 Nb7 21. Ne4 (21. Bxc6 dxc6 22. f4 (22. Kf1 Nxd6
23. Rxd6 c5 24. Ke2 Rxd6 25. Rxd6 Rd8 26. Rxd8 Kxd8 $10) 22... Nxd6 23. Rxd6
Rxd6 (23... c5 $5) 24. Rxd6 Rd8 $6 (24... c5 $5) 25. Rxc6 Rd1+ 26. Kg2 Rd2+ 27.
Kh3 Rxb2 28. Rc7+ Ke8 29. Rxa7 Rc2 30. Ra6 Rxc4 31. Rxb6 Ra4 32. Rb2 $14) 21...
Rbc8 22. Rd4 h6 23. b4 Bxe4 24. Bxe4 Rc7 25. a3 Rdc8 26. Bc2 (26. f4 $5 $14)
26... Rd8 27. Ba4 d6 28. f4 dxe5 29. fxe5 Rxd4 30. Rxd4 Nd8 31. Kf2 (31. Rd6
Nb7 $1) 31... Nc6 32. Re4 a5 33. Bxc6 Rxc6 34. Ke3 axb4 35. axb4 Rc7 36. Rg4 g5
37. Rd4 (37. h4 f6 38. exf6+ Kxf6 39. hxg5+ hxg5) 37... f6 $1 38. exf6+ Kxf6
39. Kd3 Ke5 40. Rd8 Ra7 $1 41. Rb8 Ra3+ 42. Kc2 Kd4 43. Rxb6 Kxc4 44. Rxe6 Ra2+
$1 45. Kd1 Rxh2 46. Ke1 1/2-1/2

[Event "Hoogovens op"]
[Site "Wijk aan Zee"]
[Date "1993.01.??"]
[Round "12"]
[White "Cifuentes Parada, Roberto"]
[Black "Schmittdiel, Eckhard"]
[Result "1-0"]
[WhiteElo "2480"]
[BlackElo "2450"]
[Annotator "Ribli,Z"]
[PlyCount "75"]
[EventDate "1993.01.??"]
[EventType "swiss"]
[EventRounds "12"]
[EventCountry "NED"]
[SourceTitle "CBM 034"]
[Source "ChessBase"]
[SourceDate "1993.06.01"]
[SourceVersion "1"]
[SourceVersionDate "1993.06.01"]
[SourceQuality "1"]

1. d4 e6 2. Nf3 Nf6 3. c4 c5 4. Nc3 cxd4 5. Nxd4 Nc6 6. g3 Qb6 7. Nb3 d6 $6 (
7... Bb4 $1) 8. e4 Be7 9. Be3 Qc7 10. Rc1 $1 Qb8 11. Bg2 O-O 12. O-O Rd8 13.
Qe2 b6 14. f4 (14. e5 $2 Nxe5 15. Bxa8 Qxa8 $44) 14... Bb7 15. Rfd1 Nd7 16. Kh1
Nc5 17. Nd4 Nxd4 18. Bxd4 a5 19. b3 Bc6 $6 (19... Bf8 $5) 20. Nd5 $1 Bf8 21.
Nf6+ Kh8 22. Qh5 gxf6 (22... h6 23. Qxf7 $18) 23. Bxf6+ Bg7 24. Bxd8 Qxd8 25.
e5 $1 Bxg2+ 26. Kxg2 Qc7 27. Rxd6 $16 f5 28. Rcd1 Bf8 29. Qf3 $1 Rc8 30. R6d4
Be7 31. a3 $1 {/\ b4, Rd7} Qc6 32. Qxc6 Rxc6 33. b4 axb4 34. axb4 Ne4 35. Rd7
Bxb4 36. Rd8+ Kg7 37. R1d7+ Kh6 38. Rh8 1-0

[Event "Cutro 07th"]
[Site "Cutro"]
[Date "2001.04.25"]
[Round "4"]
[White "Borgo, Giulio"]
[Black "Ristic, Nenad"]
[Result "1/2-1/2"]
[WhiteElo "2408"]
[BlackElo "2425"]
[Annotator "Ribli,Z"]
[PlyCount "109"]
[EventDate "2001.04.22"]
[EventType "tourn"]
[EventRounds "10"]
[EventCountry "ITA"]
[EventCategory "9"]
[SourceTitle "CBM 083"]
[Source "ChessBase"]
[SourceDate "2001.07.05"]
[SourceVersion "1"]
[SourceVersionDate "2001.07.05"]
[SourceQuality "1"]

1. Nf3 c5 2. c4 Nc6 3. d4 cxd4 4. Nxd4 Nf6 5. Nc3 e6 6. Ndb5 {Diese
Fortsetzung war Mitte der 80er Jahre populär und wird heutzutage seltener
gespielt.} d5 {Das ist die zu Vereinfachungen führende Hauptfortsetzung. Die
Alternativen 6...Bb4 und 6...Bc5 werden seltener gespielt.} 7. Bf4 e5 8. cxd5
exf4 9. dxc6 bxc6 10. Qxd8+ Kxd8 {Weiß hat die bessere Bauernstruktur, aber
auch Schwarz hat seine Chancen - er besitzt das Läuferpaar, und sein Pf4 ist
nicht wirklich schwach, weil Weiß früher oder später e3 oder g3 ziehen muss.}
11. O-O-O+ {Dieser Zug wird selten gespielt. Er scheint logisch, weil Weiß
damit seinen König in Sicherheit bringen kann. Andererseits aber ist der Pf2
nun nicht mehr verteidigt.} (11. Rd1+ Bd7 12. Nd6 Bxd6 13. Rxd6 Re8 14. Rd4 Rb8
15. b3 g5 16. g3 f3 17. Kd2 c5 18. Rc4 Bc6 19. exf3 Bxf3 20. Rg1 Nd7 {1/2-1/2
Stohl,I-Baklan,V/Germany 2000/CBM 74 ext (35)}) (11. Nd4) 11... Bd7 12. Nd6 Kc7
{Mit diesem Zug opfert Schwarz seinen Pf7. In der Folge aber befindet sich der
weiße Springer etwas weit entfernt vom Ort des Geschehens.} (12... Bxd6 13.
Rxd6 Ng4 $5 (13... Ke7 14. Rd4 g5 (14... Nd5 15. Ne4 $1) 15. g3 Ng4 16. gxf4
Nxf2 17. Rg1 $16) 14. Nd1 (14. Ne4 f5 15. h3 fxe4 16. hxg4 Kc7 $15 {[%csl Ge4,
Gf4]}) 14... Kc7 15. Rd4 g5 16. g3 c5 $13) (12... Ke7 {Dieser Zug ist ein
wenig unnatürlich, aber nicht schlecht.} 13. g3 fxg3 14. hxg3 g6 15. Rh4 Bg7
16. Nde4 Nxe4 17. Rxe4+ Be6 18. e3 f5 $11) 13. Nxf7 Rg8 {[%cal Gf8c5,Gc5f2]}
14. Ne5 (14. g3 Bc5 15. gxf4 Bxf2 16. Rd3 Bf5 17. Rf3 Bd4 18. Bh3 Bxh3 19. Rxh3
Rge8 20. Ne5 Rad8 21. Kc2 Bxe5 22. fxe5 Rxe5 {1/2-1/2 Roeyset,J-Bull Jager,F/
Tromsoe 1996/EXT 2001 (22)}) 14... Bf5 (14... Be6 15. Nd3 (15. g3 Nd5 (15...
Bb4 16. Bg2 Bxc3 17. bxc3 Bxa2 18. Nxc6 Rae8 19. Nd4 Bc4 20. Kd2 Ne4+ 21. Bxe4
Rxe4 22. Ra1 Rb8 23. Rxa7+ Kd6 24. Re1 {1-0 Eng,H-Pritchett,C/Germany 1989/
GER-chT2 (61)}) 16. Nxd5+ Bxd5 17. Rxd5 cxd5 18. Bg2 Bd6 19. Nd3 Rgf8 20. Bxd5
Rad8 {0-1 Lesiege,A-Gershon,A/Paget Parish BER 2001/The Week in Chess 325 (53)}
) 15... g5 16. g3 Nd5 17. Na4 Nb4 18. Nxb4 Bxb4 19. a3 Be7 20. Bg2 {1-0
Wojtkiewicz,A-Vettel,M/San Marino 1998/EXT 2000 (36)}) 15. g3 (15. e3 fxe3 16.
fxe3 (16. Bc4 Re8 17. Nf3 Rh8 18. fxe3 Rxe3 19. Nd4 Bd7 20. Rhe1 Rxe1 21. Rxe1
Bb4 {0-1 Trois,F-Rogulj,B/Virovitica 1980/Inf 30 (42)}) 16... Bc5 17. Bd3 Rge8
18. Bxf5 {1/2-1/2 Horvath,J-Schneider,A/HUN-ch 1989/TD (18)}) (15. e4 fxe3 {
Das ist nur Zugumstellung zur Variante 15.e3 fxe3.} (15... Nxe4 16. Nxe4 Bxe4
17. Bc4 $36 (17. Rd7+ $36))) 15... Bc5 {Schwarz attackiert den Pf2. Weiß hat
aufgrund des fehlenden zweiten Läufers Probleme auf den schwarzen Feldern.} (
15... fxg3 16. hxg3 Bc5 17. e3 $16) 16. Nd3 (16. gxf4 Bxf2 $44 {[%csl Gf2]})
16... Bxd3 17. Rxd3 Ng4 {[%cal Rg4f2,Rf2d3,Rf2h1][%mdl 2048]} 18. Nd1 (18. Ne4
Bxf2 (18... Nxf2 $2 19. Nxc5 Nxh1 20. Rd7+ Kb6 21. b4 $18 {[%csl Rb6]}) 19. Bh3
Be3+ 20. Kc2 Ne5 $11) 18... Rad8 $5 (18... Nxf2 19. Nxf2 Bxf2 20. gxf4 Rge8 21.
Kd2 Rad8 $44) 19. gxf4 (19. f3 Rxd3 20. exd3 Ne3 $11) 19... Rxd3 20. exd3 Nxf2
21. Nxf2 Bxf2 $11 {[%mdl 4096] Schwarz hat einen Bauern weniger, aber sein
Läufer ist stark. Früher oder später muss Weiß seinen Mehrbauern zurückgeben.}
22. f5 Re8 23. Kd2 Be3+ (23... Re1 {[%cal Ge1h1]} 24. Bg2 Rxh1 25. Bxh1 c5 $11
{Der weiße Mehrbauer hat keine Bedeutung.}) 24. Kd1 (24. Kc3 Re5 25. Bh3 Rc5+
$11) 24... Bd4 {[%csl Gd4] Der Bd4 steht ausgezeichnet.} 25. Bg2 (25. b3 Re5
26. Bh3 Re3 $11) 25... Re5 $5 {Schwarz nimmt nicht den Pb2, er möchte vielmehr
26...Ra5 spielen. Zudem hängt jetzt der Pf5.} (25... Bxb2 $11) 26. b3 (26. Be4
Ra5 $15) 26... Rxf5 27. Re1 (27. Rf1 $11) 27... Kd6 28. Re4 c5 29. b4 {Da
Schwarz dank seiner Aktivität über einen mikroskopisch kleinen Vorteil verfügt,
ist es logisch, dass Weiß das Material reduzieren möchte.} Rg5 30. Bf1 (30. Bf3
Rg1+ 31. Kc2 (31. Ke2 Ra1 {[%cal Ra1a2,Ra2h2]}) 31... Rf1 $15) 30... Rg1 31.
Ke2 Rh1 32. Rh4 (32. h3 $2 Rh2+ $17 {[%cal Rh2a2]}) 32... h6 33. a4 Bg1 34.
bxc5+ (34. Bg2 $2 Rxh2 35. Rxh2 Bxh2 36. b5 Ke5 $17) 34... Kxc5 35. Rc4+ Kd6
36. Rg4 (36. h3 $11) 36... Rxh2+ (36... g5 37. h3 $11) 37. Kd1 {[%cal Rg4g7,
Rg4g1] Schwarz kann nicht gleichzeitig den Bg1 und den Pg7 verteidigen.} Be3
38. Rxg7 h5 $15 {Der schwarze Freibauer auf der h-Linie ist gefährlich, aber
da das Material bereits weit reduziert ist, kann Weiss das Remis leicht halten.
} 39. Bg2 $2 (39. Rg2 Rh1 40. Ke2 $15) 39... h4 40. Ke2 Bd4 (40... h3 41. Kxe3
Rxg2 (41... hxg2 42. Kf2 $11) 42. Rxa7 h2 43. Rh7 Ra2 $11) 41. Rg5 {[%cal
Rg5d5,Rd5d6,Rd5d4]} Bb6 $2 (41... Ke6 $1 $17) 42. a5 $1 {Es scheint, als wäre
die Diagonale a7-g1 zu kurz für Schwarz.} h3 43. axb6 axb6 (43... hxg2 44. Kf2
$11) 44. Kf3 Rxg2 45. Rxg2 hxg2 46. Kxg2 $11 {Schwarz steht nur theoretisch -
dank seines entferntem b-Bauern - besser, die Stellung ist aber Remis.} Kc5 47.
Kf3 Kd4 48. Ke2 Kc3 (48... b5 49. Kd2 $11) 49. Ke3 b5 50. d4 Kc4 (50... b4 51.
d5 b3 52. d6 b2 53. d7 b1=Q 54. d8=Q $11) 51. d5 (51. Kd2 Kxd4 52. Kc2 Kc4 53.
Kb2 Kb4 $19) 51... Kxd5 52. Kd3 Kc5 53. Kc3 b4+ 54. Kb3 Kb5 55. Kb2 1/2-1/2

[Event "Kharkov Rector Cup 3rd"]
[Site "Kharkov"]
[Date "2001.04.18"]
[Round "1"]
[White "Pelletier, Yannick"]
[Black "Ponomariov, Ruslan"]
[Result "1-0"]
[WhiteElo "2531"]
[BlackElo "2673"]
[Annotator "Ribli,Z"]
[PlyCount "89"]
[EventDate "2001.04.18"]
[EventType "tourn"]
[EventRounds "10"]
[EventCountry "UKR"]
[EventCategory "13"]
[SourceTitle "CBM 083"]
[Source "ChessBase"]
[SourceDate "2001.07.05"]
[SourceVersion "1"]
[SourceVersionDate "2001.07.05"]
[SourceQuality "1"]

1. Nf3 Nf6 2. c4 c5 3. Nc3 Nc6 4. d4 cxd4 5. Nxd4 e6 6. g3 {Der junge GM aus
der Schweiz spielt gerne diese Variante.} Qb6 7. Ndb5 Ne5 8. Bg2 a6 9. Qa4 Rb8
10. Be3 Bc5 11. Bxc5 Qxc5 12. Qa3 Qxa3 {Das ist - meiner Meinung nach - nicht
die beste Fortsetzung für Schwarz.} (12... b6 $5 13. Nd6+ Ke7 14. Qxc5 bxc5 15.
Nxc8+ Rhxc8 16. b3 g5 $5 (16... d5 17. cxd5 c4 18. b4 Rxb4 19. O-O-O Ned7 $11 {
[%cal Gd7c5]}) (16... d6)) 13. Nxa3 Ke7 (13... d6 14. f4 Nc6 15. Nc2 (15. O-O-O
$6 Ke7 16. Rd2 Nb4 17. Bf3 Bd7 18. Rhd1 d5 19. g4 Bc6 20. g5 Ne4 21. Rd4 Rbc8
22. Nab1 Nc5 $15 {0-1 Speelman,J-Timman,J/London 1989/Candidates (54)}) (15.
Rd1 Ke7 16. O-O Bd7 17. Rd2 Rhd8 18. Rfd1 Be8 19. Bf3 Nb4 20. g4 h6 21. h4 Bc6
22. g5 {1/2-1/2 Christiansen,L-Schlosser,P/Germany 1996/GER-chT (62)}) 15...
Bd7 16. O-O-O Ke7 17. Rd3 (17. e4 {Dieser Zug führt zu unserer Hauptpartie.})
17... Rhd8 18. e4 Be8 19. Re1 Nd7 20. g4 {1/2-1/2 Pelletier,Y-Eljanov,P/
Kharkov RUS 2001/(43)}) 14. f4 Nc6 15. e4 {Weiß hat spürbar Raumvorteil, aber
der Na3 steht schlecht. Die schwarze Stellung ist verteidigungsfähig, es sind
keine besonderen Schwächen in ihr auszumachen. Allerdings muss er das Problem
der Entwicklung des Bc8 noch lösen.} (15. h3 b5 16. cxb5 Na7 17. e4 axb5 18. b4
d6 19. Kf2 Ba6 20. Rhc1 Rhc8 21. Rab1 Rb6 22. Rb2 Bb7 23. Rbc2 {1-0 Vaganian,
R-Nickoloff,B/Toronto 1990/CBM 20/[Ribli] (32)}) (15. c5 b5 16. cxb6 Rxb6 17.
Na4 Rb4 18. Bxc6 dxc6 19. b3 e5 20. fxe5 Ng4 21. Nc4 Be6 22. Nab2 Rb5 {1-0
Rekhmann,P-Donchenko,A/Moscow 1990/EXT 2000 (61)}) 15... d6 16. Nc2 $5 {
[%mdl 4] Auf diesen logischen Zug ist bis jetzt noch niemand gekommen. Weil
Schwarz auf 16.0-0-0 mit 16...Nb4 antwortet, stellt der Textzug in der Tat die
beste Fortsetzung für Weiß dar.} Bd7 17. O-O-O Rhc8 $11 (17... Rbc8 18. Rd3
Rhd8 19. Re1 $14 {[%cal Gc3d5] Weiß hat spürbar Raumvorteil. Schwarz muss
immer mit Nd5+ rechnen.}) 18. Rd3 {[%cal Gh1d1,Gd1d6]} Na5 19. b3 b5 20. cxb5
axb5 21. Rhd1 {Auf den ersten Blick kann Schwarz zufrieden sein, denn er
konnte das Thematische b5 schon durchsetzen. Als gewichtiger erweist sich hier
jedoch, dass Weiß Druck auf der d-Linie entwickeln kann.} b4 $6 (21... Bc6 22.
Rxd6 b4 23. Ne2 (23. e5 Bxg2 24. exf6+ gxf6 25. Ne2 Be4 26. R6d2) 23... Bxe4
24. Bxe4 Nxe4 25. Ra6 $14) (21... Be8 $5 22. Bf3 (22. Kb2 Nc4+ $1 {[%cal Gb8b2]
}) (22. Nb4 {[%csl Gb4]} Nc6 23. a3 Nxb4 24. axb4 Rd8 $11) 22... b4 23. Ne2 Rb6
24. Kb2 Bb5 25. R3d2 e5 $11) 22. e5 Ng4 $6 {Dieser Zug verliert einen Bauern,
aber auch die Alternativen versprachen schon keinen vollen Ausgleich mehr.} (
22... bxc3 23. exf6+ gxf6 24. Rxd6 $14) (22... Rxc3 23. exf6+ gxf6 (23... Kxf6
24. Rxd6 (24. Rxc3 bxc3 25. Rxd6 $14) 24... Rbc8 25. R1d2 Bc6 26. Bxc6 Nxc6 27.
Kb2 $14 {[%csl Rb4] Der Pb4 ist ein ewiger Schwachpunkt in der schwarzen
Stellung.}) 24. Rxd6 $14) 23. Rxd6 $16 {[%csl Rh2]} Rc7 (23... Be8 24. Ne4 Ne3
(24... Rxc2+ 25. Kxc2 Ne3+ 26. Kd2 Nxg2 27. Rg1 Bc6 28. Rxc6 Nxc6 29. Rxg2 $16)
25. R1d2 Ra8 26. Bf3 Nb7 27. Rb6 Bc6 28. Rxc6 $1 Rxc6 29. Nd6 $16) (23... Rxc3
24. Rxd7+ Ke8 25. R7d3 $16) 24. Ne2 (24. Ne4 $5 Rbc8 (24... Bb5 25. R1d2 Rbc8
26. Kb2 Rxc2+ $6 27. Rxc2 Rxc2+ 28. Kxc2 Ne3+ 29. Kd2 Nxg2 30. Rb6 $16) 25. Kb1
$16) 24... Nb7 (24... Rbc8 25. Ned4 f6 (25... Ne3 26. Rd2 $16) 26. Ra6 fxe5 27.
fxe5 Ne3 28. Rd2 $16) 25. Kb1 (25. Bxb7 Rbxb7 26. Kb2 $16) 25... Nc5 26. R6d4
f6 (26... Bb5 27. R1d2 $16) 27. R1d2 $6 (27. h3 Nf2 (27... fxe5 28. Rxd7+ $18)
28. R1d2 fxe5 29. fxe5 $16) 27... fxe5 28. fxe5 Nxe5 29. Nxb4 Be8 $6 (29... g5
30. h4 Be8 (30... gxh4 31. gxh4 $16 {[%cal Ge2f4]}) 31. hxg5 Bg6+ 32. Ka1 $16)
30. Nf4 g5 {[#]} 31. Nfd5+ $1 {[%mdl 64] Mit diesem schönen Zug gibt Weiß N+N
für R + P, aber danach werden die schwarzen Springer gefesselt.} exd5 32. Nxd5+
Kd8 33. Nxc7+ Kxc7 34. Rc2 $1 {[%csl Rc5][%cal Rc2c7]} Bg6 (34... Ned7 35.
Rxd7+ $18) 35. Be4 Bxe4 36. Rxe4 Ned7 37. Rd4 $1 {[%csl Rc5,Rd7][%cal Gc2c7,
Gd4d7]} Rb7 (37... Rb5 38. b4 $18) 38. Rxd7+ Kxd7 39. Rxc5 $18 {Mit zwei
gesunden Mehrbauern steht Weiß klar auf Gewinn.} h6 40. Kb2 Rb4 41. a4 Re4 42.
Rc2 h5 43. Ka3 Re5 44. Kb4 Kd6 45. a5 1-0

[Event "Hoogovens-B"]
[Site "Wijk aan Zee"]
[Date "1997.02.02"]
[Round "11"]
[White "Janssen, Ruud"]
[Black "Van der Sterren, Paul"]
[Result "0-1"]
[WhiteElo "2350"]
[BlackElo "2515"]
[Annotator "Ribli,Z"]
[PlyCount "58"]
[EventDate "1997.01.21"]
[EventType "tourn"]
[EventRounds "11"]
[EventCountry "NED"]
[EventCategory "10"]
[SourceTitle "CBM 057"]
[Source "ChessBase"]
[SourceDate "1997.04.01"]
[SourceVersion "1"]
[SourceVersionDate "1997.04.01"]
[SourceQuality "1"]

1. c4 {Yudasin,L} c5 2. Nf3 Nf6 3. Nc3 Nc6 4. d4 cxd4 5. Nxd4 e6 6. g3 (6. Ndb5
$5 {Yudasin,L}) 6... Qb6 7. Nb3 (7. Ndb5 $5 {Yudasin,L}) 7... Ne5 8. e4 Bb4 9.
Qe2 d6 10. f4 Nc6 (10... Ned7 $5 {Yudasin,L} 11. Bd2) 11. Be3 Bxc3+ 12. bxc3
Qc7 $132 {Yudasin: it is not difficult to understand this type of positions.
White has a very weak double "c"pawn, which black must attack as quick as
possible, on the other hand white has the two bishops plus some attacking
chances on the king's side. Ich bin schon immer der Meinung gewesen, daß
Schwarz in dieser Variante ein bequemes Spiel hat.Weiss hat zwar das
Läuferpaar, aber die Stellung hat eher geschlossenen Charakter, und Weiß hat
außerdem einen Doppelbauern auf der halboffenen c-Linie und wenn er seine
c-Bauern tauschen kann, hat er noch Probleme mit anderen Bauern.Ribli.} 13. Bg2
O-O 14. c5 (14. O-O {Yudasin,L} b6 {Yudasin: with Ba6 seems prolematic for
white}) (14. g4 $5 {Yudasin,L} Nd7 15. g5 b6 16. h4 Ba6) 14... dxc5 $5 {
Dieser einfache Zug gibt Schwarz die besten Möglichkeiten. Ribli.} (14... d5 $6
) 15. Bxc5 Rd8 16. e5 (16. O-O {Yudasin,L} e5 17. f5 b6 18. Be3 a5) 16... Na5
17. Bd4 (17. Bb4 Nxb3 18. axb3 Nd5 19. Qc4 (19. Bxd5 $2 {Yudasin,L} exd5 $15 {
[%cal Gc8f5,Gf5e4]}) (19. Ba5 b6 20. c4 $1 bxa5 21. cxd5 Qc3+ 22. Kf2 exd5 $17)
19... Qxc4 20. bxc4 Ne3 $11 {Vaganian,R-Kramnik,V/Riga/1995/}) 17... Nd5 $1
$146 {[#] Wahrscheinlich eine vorbereitete Neuerung..} (17... Nxb3 18. axb3
Rxd4 19. cxd4 Qc3+ 20. Kf2 Qxd4+ 21. Kf3 Qc3+ $11 {SURVEY 1993 Ribli}) 18. Rc1
$2 {Yudasin: a terrible blunder losing immediately,a pawn but with it the
games it was necessary to castle} (18. Qd3 $5 Nc4 {Das ist zwar auch
vorteilhaft für Schwarz, aber Weiß kann wenigstens ohne Materialverlust
weiterspielen.Ribli.}) (18. Qf3 Bd7) (18. Nxa5 Qxa5 19. O-O Nxc3 20. Qd2 Rxd4
21. Qxd4 Ne2+ $19) (18. O-O {Yudasin,L} Nxb3 19. axb3 Nxc3 20. Bxc3 Qxc3 21.
Rfd1 $44) 18... Nxb3 19. axb3 Nxf4 $1 $19 {[#] Mit diesem schönen Zug gewinnt
Schwarz einen Bauern und damit praktisch die Partie. Ribli.} 20. gxf4 Rxd4 $17
{Die wesentlichen weißen Probleme sind nicht nur ein Bauernverlust, sondern
auch seine offene Königstellung und seine Bauernschwächen.} 21. O-O (21. Qe3
$17) 21... Rd8 22. Qh5 $2 Bd7 23. Rf3 {Weiß hat keine Angriffschancen, und mit
den letzten zwei Zügen beschleunigt er das Ende nur.Ribli.} Qc5+ 24. Kh1 Bc6
25. Rg3 (25. Rh3 {Yudasin,L} Bxg2+ 26. Kxg2 Rd2+) 25... Rd2 $19 26. Rg1 (26.
Bxc6 {Yudasin,L} Qxc6+ 27. Kg1 Qc5+ 28. Kh1 Qd5+ 29. Kg1 Qxb3) 26... Rxg2 27.
R1xg2 Bxg2+ 28. Kxg2 Qd5+ 29. Kh3 Qxb3 {Und Weiß gab auf. Seine Stellung ist
wirklich verloren.Ribli.} 0-1